Culture Générale - Série 435 - Statistiques

Statistiques générales
  • Ce quiz a été pris 214 fois
  • Le résultat moyen est 4 sur 10
Statistiques - réponses
Question Réponse % Correct
De quel pays l'équipe de rugby des All Blacks est‐elle l'équipe nationale ? Nouvelle‐Zélande
99%
Quelle actrice prénommée Halle joue dans "Meurs un autre jour" ainsi que dans les 3 volets de la saga "X‐Men" ? Halle Berry
64%
D'après le titre d'une de ses chansons, quelle couleur Claude Nougaro associe‐t‐il au blanc et au blues ? bleu
63%
Dans "Tuer n'est pas jouer", de quel instrument la James Bond girl joue‐t‐elle dans un orchestre ? violoncelle
55%
Quelle actrice prénommée Kim joue Domino dans "Jamais plus jamais" ? Kim Basinger
45%
Quel acteur prénommé Gene joue le président des Etats‐Unis dans "Les Pleins Pouvoirs" ? Gene Hackman
31%
Quel personnage Diana Rigg jouait‐elle dans "Chapeau melon et bottes de cuir", avant d'être James Bond girl ? Emma Peel
25%
Quel acteur prénommé Jean-Louis joue Baptiste Debureau, dans "Les Enfants du paradis" ? Jean‐Louis Barrault
22%
En 1977, quel dessinateur belge de bande dessinée crée la série "Idées noires" ? Franquin
18%
Comment s'appelle la signature apposée d'avance sur un document vierge ? blanc‐seing
13%
Aucun quiz correspondant
Distribution des résultats
% des personnes avec chaque résultat
Percentile par nombre de réponses
Votre historique - résultats
Vous n’avez pas pris ce quiz